000 01179cad a22001935a 4500
001 L152828
008 110504s2011 xxk f 000 0 eng d
035 _a(Sirsi) u152828
041 0 _aeng
110 2 _aFood and Agriculture Organization of the United Nations
245 0 0 _aZero draft
_bvoluntary guidelines on the responsible governance of tenure of land and other natural resources
_h[electronic resource]
260 _a[S.l.]
_bUN
_c2011
520 _aSeeks to gather comments on the guidelines from the perspective of stakeholkers including relevant government bodies and the public sector, civil society and professional organisations. Also allows interested parties who were not able to attend the regional consultations to contribute in the drafting of the Voluntary Guidelines. The consultation is available in all six FAO languages and runs from 18 April 2011 to 16 May
590 _aKA NTK
651 4 _aInternational
690 _aENVIRONMENTAL AND LAND CONSULTANCY-LAND MANAGEMENT
856 4 0 _uhttps://www.fao.org/fileadmin/user_upload/nr/land_tenure/econsultation/english/Zero_Draft_VG_Final.pdf
_zView the report free of charge at www.fao.org
942 _n0
999 _c112224
_d112224